000 00629nam a2200169Ia 4500
008 090711s9999 xx 000 0 und d
082 _b79254
100 _aजहागीरदार विजया
245 _aदुबळा खाई गSाांड्या
260 _bशांती पब्लिकेशन्स
_c1996
300 _a144
600 _aजहागीरदार विजया
630 _aदुबळा खाई गSाांड्या
700 _aजहागीरदार विजया
730 _aदुबळा खाई गSाांड्या
942 _cBOOK
999 _c306884
_d306884